Vyššie vzdelanie ako prediktor životných podmienok

Súvislosti medzi stupňom dosiahnutého vzdelania a indikátormi životných podmienok. Výskum mladých ľudí medzi 18-29 rokov v Bratislavskom, Žilinskom, Banskobystrickom a Prešovskom kraji.

Guardado en:
Detalles Bibliográficos
Autor principal: Kollár, Roman
Otros Autores: Ošípaníková, Anna
Formato: Capítulo de libro
Lenguaje:eslovaco
Materias:
Etiquetas: Agregar Etiqueta
Sin Etiquetas, Sea el primero en etiquetar este registro!

MARC

LEADER 00000naa a2200000 4500
001 0240876
005 20220715112421.8
041 0 |a slo 
044 |a SK 
245 1 0 |a Vyššie vzdelanie ako prediktor životných podmienok  |c Roman Kollár, Anna Ošípaníková 
520 |a Súvislosti medzi stupňom dosiahnutého vzdelania a indikátormi životných podmienok. Výskum mladých ľudí medzi 18-29 rokov v Bratislavskom, Žilinskom, Banskobystrickom a Prešovskom kraji. 
610 2 0 |a Slovensko 
610 2 0 |a výskum sociologický 
610 2 0 |a vzdelanosť 
610 2 0 |a úroveň životná 
610 2 0 |a podmienky životné 
100 1 |a Kollár, Roman 
700 1 |a Ošípaníková, Anna